Pays d'Europe - Mots croisés #2 - Statistiques

Statistiques générales
  • Ce quiz a été pris 1 332 fois
  • Le résultat moyen est 12 sur 15
Réponses sur la Carte
Les réponses sont colorées sur une échelle allant du rouge au vert en fonction du pourcentage des utilisateurs qui les ont devinées à leur premier essai. Vous pouvez retrouver ces pourcentages ci-dessous.
 
Statistiques - réponses
Direction # Indice Réponse % Correct
Vertical 1 On peut y trouver Porto, Sintra et Portimão PORTUGAL
98%
Vertical 10 La vodka, les chars et les survêtements Adidas, c'est tout ce qui compte ! RUSSIE
86%
Horizontal 14 Il possède des frontières terrestres avec l'Espagne et la France ANDORRE
84%
Horizontal 4 Rébus (traduction) : BED | YOU | A | NEST LITUANIE
84%
Horizontal 6 La Bavière et la Saxe sont 2 de ses régions ALLEMAGNE
82%
Horizontal 1 Sa couleur préférée est le orange, et ils aiment BEAUCOUP le vélo PAYS-BAS
82%
Horizontal 9 Franz Schubert et Johann Strauss II sont des compositeurs originaires de ce pays ayant un opéra très connu AUTRICHE
77%
Vertical 3 Son drapeau tricolore arbore un blason contenant une double croix SLOVAQUIE
77%
Vertical 2 Son drapeau est vert, blanc et rouge BULGARIE
76%
Vertical 11 C'est le plus au nord de la triade baltique ESTONIE
76%
Vertical 5 Un syndrome porte le nom de sa capitale SUEDE
75%
Vertical 7 Pays d'origine de Dan Bălan, le chanteur du groupe O-Zone MOLDAVIE
70%
Horizontal 13 Anciennement une partie de la Yougoslavie, il devient indépendant le 5 juin 2006 SERBIE
70%
Vertical 12 Il y a sa forme sur son drapeau avec 6 étoiles KOSOVO
67%
Horizontal 8 Pays possédant la capitale la plus à l'ouest ISLANDE
64%
Aucun quiz correspondant
Distribution des résultats
% des personnes avec chaque résultat
Percentile par nombre de réponses
Votre historique - résultats
Vous n’avez pas pris ce quiz